000 00446nam a2200193Ia 4500
005 20250425162420.0
008 250425s9999 xx 000 0 und d
020 _a8477649359
041 _aspa
082 _a030
245 0 _aAUTODIDACTICA OCEANO COLOR (VOLUMEN 5)
250 _a1A ED.
260 _aBARCELONA
260 _aEspaƱa
_bOCEANO
_c1995
300 _a264
650 _aOCEANO-ENCICLOPEDIAS
942 _c01
010 _a69376
999 _c228739
_d228739